[Event "euyr2018"]
[Site "?"]
[Date "2018.05.27"]
[Round "8.2"]
[White "Ferkova, Dominika"]
[Black "Pniaczek, Marek"]
[Result "0-1"]
[BlackElo "1701"]
[WhiteElo "1759"]
[LiveChessVersion "1.4.8"]

1. d4 {[%clk 0:20:19]} d5 {[%clk 0:20:20]} 2. c4 {[%clk 0:20:27]} dxc4
{[%clk 0:20:29]} 3. Nf3 {[%clk 0:20:35]} a6 {[%clk 0:20:38]} 4. a4
{[%clk 0:20:41]} e6 {[%clk 0:20:29]} 5. e3 {[%clk 0:20:39]} c5 {[%clk 0:20:38]}
6. Bxc4 {[%clk 0:20:38]} Nf6 {[%clk 0:20:46]} 7. Nc3 {[%clk 0:20:46]} Nc6
{[%clk 0:20:33]} 8. O-O {[%clk 0:20:51]} Be7 {[%clk 0:20:39]} 9. dxc5
{[%clk 0:20:46]} Qc7 {[%clk 0:20:41]} 10. e4 {[%clk 0:20:11]} Bxc5
{[%clk 0:20:24]} 11. Qe2 {[%clk 0:20:13]} O-O {[%clk 0:20:26]} 12. Bg5
{[%clk 0:19:12]} Ng4 {[%clk 0:20:15]} 13. h3 {[%clk 0:17:45]} Nd4
{[%clk 0:20:23]} 14. Qd2 {[%clk 0:15:41]} Nxf3+ {[%clk 0:20:30]} 0-1

[Event "euyr2018"]
[Site "?"]
[Date "2018.05.27"]
[Round "8.3"]
[White "Pribylova, Sofie"]
[Black "Panko, Eduard"]
[Result "1/2-1/2"]
[BlackElo "1776"]
[WhiteElo "1950"]
[LiveChessVersion "1.4.8"]

1. e4 {[%clk 0:20:18]} e6 {[%clk 0:20:19]} 2. d4 {[%clk 0:20:27]} d5
{[%clk 0:20:28]} 3. Nc3 {[%clk 0:20:35]} Bb4 {[%clk 0:20:36]} 4. e5
{[%clk 0:20:43]} Ne7 {[%clk 0:20:36]} 5. a3 {[%clk 0:20:49]} Bxc3+
{[%clk 0:20:37]} 6. bxc3 {[%clk 0:20:58]} c5 {[%clk 0:20:47]} 7. Bd3
{[%clk 0:19:53]} Nbc6 {[%clk 0:20:12]} 8. Nf3 {[%clk 0:19:49]} b6
{[%clk 0:17:48]} 9. O-O {[%clk 0:19:24]} c4 {[%clk 0:16:45]} 10. Be2
{[%clk 0:19:23]} Qc7 {[%clk 0:16:49]} 11. Ne1 {[%clk 0:18:15]} Bd7
{[%clk 0:16:27]} 12. f4 {[%clk 0:17:36]} g6 {[%clk 0:15:28]} 13. Nf3
{[%clk 0:17:33]} h6 {[%clk 0:14:59]} 14. Qe1 {[%clk 0:16:38]} O-O-O
{[%clk 0:13:45]} 1/2-1/2

[Event "euyr2018"]
[Site "?"]
[Date "2018.05.27"]
[Round "8.4"]
[White "Sandor, Martin"]
[Black "Verbovsky, Michal"]
[Result "1-0"]
[BlackElo "1729"]
[WhiteElo "1711"]
[LiveChessVersion "1.4.8"]

1. e4 {[%clk 0:20:19]} d6 {[%clk 0:20:14]} 2. d4 {[%clk 0:20:28]} Nf6
{[%clk 0:20:23]} 3. Nc3 {[%clk 0:20:37]} Nbd7 {[%clk 0:20:30]} 4. Nf3
{[%clk 0:20:45]} e5 {[%clk 0:20:36]} 5. dxe5 {[%clk 0:20:43]} dxe5
{[%clk 0:20:37]} 6. Bc4 {[%clk 0:20:08]} Be7 {[%clk 0:20:41]} 7. O-O
{[%clk 0:20:15]} O-O {[%clk 0:20:48]} 8. Qe2 {[%clk 0:19:41]} c6 {[%clk 0:20:51]}
9. Rd1 {[%clk 0:19:05]} Qc7 {[%clk 0:20:52]} 10. Be3 {[%clk 0:16:19]} Nc5
{[%clk 0:19:58]} 11. Ng5 {[%clk 0:13:07]} h6 {[%clk 0:18:48]} 12. Nxf7
{[%clk 0:13:11]} Rxf7 {[%clk 0:18:53]} 13. Bxf7+ {[%clk 0:13:19]} Kxf7
{[%clk 0:19:01]} 14. Bxc5 {[%clk 0:13:27]} Bg4 {[%clk 0:18:28]} 15. Qc4+
{[%clk 0:12:59]} Be6 {[%clk 0:18:15]} 16. Qb4 {[%clk 0:13:00]} Bxc5
{[%clk 0:15:51]} 17. Qxc5 {[%clk 0:13:08]} b6 {[%clk 0:15:56]} 18. Qd6
{[%clk 0:11:43]} Qxd6 {[%clk 0:13:21]} 19. Rxd6 {[%clk 0:11:52]} Rc8
{[%clk 0:13:29]} 20. f3 {[%clk 0:11:54]} Ke7 {[%clk 0:13:32]} 21. Rd2
{[%clk 0:11:48]} g5 {[%clk 0:13:21]} 22. Ne2 {[%clk 0:11:22]} Rg8
{[%clk 0:12:07]} 23. Ng3 {[%clk 0:11:05]} g4 {[%clk 0:12:06]} 24. Kf2
{[%clk 0:10:45]} h5 {[%clk 0:11:47]} 25. Rad1 {[%clk 0:10:08]} h4
{[%clk 0:11:34]} 26. Nf5+ {[%clk 0:10:02]} Bxf5 {[%clk 0:10:35]} 27. exf5
{[%clk 0:10:11]} gxf3 {[%clk 0:10:38]} 28. gxf3 {[%clk 0:10:17]} Rg5
{[%clk 0:09:04]} 29. Re1 {[%clk 0:06:13]} Rxf5 {[%clk 0:08:55]} 30. Rd4
{[%clk 0:05:59]} Rh5 {[%clk 0:06:21]} 31. Ra4 {[%clk 0:05:24]} a5
{[%clk 0:05:25]} 32. c4 {[%clk 0:04:47]} c5 {[%clk 0:05:20]} 33. Ra3
{[%clk 0:04:53]} Rf5 {[%clk 0:05:20]} 34. Rb3 {[%clk 0:04:36]} e4
{[%clk 0:04:29]} 35. h3 {[%clk 0:03:50]} Kf7 {[%clk 0:02:51]} 36. Ree3
{[%clk 0:03:12]} exf3 {[%clk 0:00:45]} 37. Rxf3 {[%clk 0:03:21]} Ne4+
{[%clk 0:00:41]} 38. Ke1 {[%clk 0:03:17]} Kf6 {[%clk 0:00:34]} 39. Rxb6+
{[%clk 0:03:07]} Ke5 {[%clk 0:00:37]} 40. Rxf5+ {[%clk 0:03:14]} Kxf5
{[%clk 0:00:46]} 41. Rb5 {[%clk 0:03:23]} Kf4 {[%clk 0:00:49]} 42. Rxa5
{[%clk 0:03:31]} Kg3 {[%clk 0:00:57]} 43. Ra3+ {[%clk 0:03:39]} Kg2
{[%clk 0:01:01]} 44. Re3 {[%clk 0:03:25]} Nd6 {[%clk 0:00:54]} 45. b3
{[%clk 0:03:19]} Nf5 {[%clk 0:01:02]} 46. Re5 {[%clk 0:02:49]} Ng3
{[%clk 0:01:10]} 47. a4 {[%clk 0:02:39]} Kxh3 {[%clk 0:01:07]} 48. a5
{[%clk 0:02:47]} Kg4 {[%clk 0:00:46]} 49. a6 {[%clk 0:02:51]} Kf4
{[%clk 0:00:42]} 50. Rxc5 {[%clk 0:02:40]} h3 {[%clk 0:00:50]} 51. a7
{[%clk 0:02:45]} Ne4 {[%clk 0:00:55]} 52. Rh5 {[%clk 0:02:52]} 1-0

[Event "euyr2018"]
[Site "?"]
[Date "2018.05.27"]
[Round "8.5"]
[White "Varga, Lukas"]
[Black "Cabala, Nathan"]
[Result "0-1"]
[BlackElo "1892"]
[WhiteElo "1646"]
[LiveChessVersion "1.4.8"]

1. e4 {[%clk 0:20:19]} a6 {[%clk 0:19:06]} 2. d4 {[%clk 0:19:47]} e6
{[%clk 0:19:09]} 3. Nc3 {[%clk 0:19:05]} b5 {[%clk 0:19:04]} 4. a3
{[%clk 0:19:10]} Bb7 {[%clk 0:18:55]} 5. Nf3 {[%clk 0:18:04]} Nf6
{[%clk 0:18:15]} 6. e5 {[%clk 0:17:23]} Nd5 {[%clk 0:17:46]} 7. Bg5
{[%clk 0:15:58]} Be7 {[%clk 0:16:57]} 8. Ne4 {[%clk 0:12:50]} Bxg5
{[%clk 0:14:03]} 9. Nfxg5 {[%clk 0:12:32]} h6 {[%clk 0:12:39]} 10. Nf3
{[%clk 0:10:09]} d6 {[%clk 0:11:38]} 11. a4 {[%clk 0:08:48]} Nb6 {[%clk 0:06:16]}
12. Bd3 {[%clk 0:07:11]} Nxa4 {[%clk 0:05:37]} 13. Ra2 {[%clk 0:06:28]} Nc6
{[%clk 0:03:46]} 14. O-O {[%clk 0:05:05]} Nb4 {[%clk 0:03:42]} 15. Ra3
{[%clk 0:03:54]} Nxb2 {[%clk 0:03:20]} 16. Qd2 {[%clk 0:02:18]} N2xd3
{[%clk 0:03:01]} 17. cxd3 {[%clk 0:02:14]} Nd5 {[%clk 0:03:03]} 18. Rc1
{[%clk 0:01:11]} Qe7 {[%clk 0:01:23]} 19. Nc3 {[%clk 0:00:33]} O-O
{[%clk 0:00:44]} 20. Nxd5 {[%clk 0:00:15]} Bxd5 {[%clk 0:00:46]} 21. Rac3
{[%clk 0:00:23]} Ra7 {[%clk 0:00:35]} 22. exd6 {[%clk 0:00:16]} cxd6
{[%clk 0:00:31]} 23. Ra3 {[%clk 0:00:19]} Qf6 {[%clk 0:00:19]} 24. Qe3
{[%clk 0:00:23]} Rb8 {[%clk 0:00:18]} 25. g3 {[%clk 0:00:00]} Qxf3
{[%clk 0:00:18]} 0-1

[Event "euyr2018"]
[Site "?"]
[Date "2018.05.27"]
[Round "8.6"]
[White "Jakab, Bela"]
[Black "Gzib, David"]
[Result "1-0"]
[BlackElo "1686"]
[WhiteElo "1850"]
[LiveChessVersion "1.4.8"]

1. e4 {[%clk 0:20:17]} c5 {[%clk 0:20:19]} 2. c3 {[%clk 0:20:26]} d5
{[%clk 0:20:28]} 3. exd5 {[%clk 0:20:36]} Qxd5 {[%clk 0:20:36]} 4. d4
{[%clk 0:20:45]} Nc6 {[%clk 0:20:27]} 5. Nf3 {[%clk 0:20:48]} cxd4
{[%clk 0:20:01]} 6. cxd4 {[%clk 0:20:56]} Bf5 {[%clk 0:19:39]} 7. Nc3
{[%clk 0:21:02]} Qd8 {[%clk 0:18:27]} 8. d5 {[%clk 0:20:43]} Nb8 {[%clk 0:17:41]}
9. Qb3 {[%clk 0:20:12]} b6 {[%clk 0:17:08]} 10. Nd4 {[%clk 0:19:22]} Bd7
{[%clk 0:16:50]} 11. Bf4 {[%clk 0:18:44]} Nf6 {[%clk 0:13:31]} 12. Ndb5
{[%clk 0:18:21]} Na6 {[%clk 0:11:59]} 13. O-O-O {[%clk 0:16:28]} Qc8
{[%clk 0:09:07]} 14. Be2 {[%clk 0:13:51]} Ne4 {[%clk 0:05:25]} 15. Rhe1
{[%clk 0:11:23]} Nxc3 {[%clk 0:05:06]} 16. bxc3 {[%clk 0:11:05]} g5
{[%clk 0:02:25]} 17. Nd6+ {[%clk 0:10:52]} exd6 {[%clk 0:02:29]} 18. Bxa6+
{[%clk 0:11:00]} 1-0

[Event "euyr2018"]
[Site "?"]
[Date "2018.05.27"]
[Round "8.7"]
[White "Viczencz, Peter"]
[Black "Leszko, Bence"]
[Result "0-1"]
[BlackElo "1701"]
[WhiteElo "1731"]
[LiveChessVersion "1.4.8"]

1. e4 {[%clk 0:20:19]} e6 {[%clk 0:20:20]} 2. g3 {[%clk 0:20:14]} b6
{[%clk 0:20:27]} 3. Bg2 {[%clk 0:20:22]} Bb7 {[%clk 0:20:36]} 4. d4
{[%clk 0:20:28]} d5 {[%clk 0:20:41]} 5. exd5 {[%clk 0:20:27]} exd5
{[%clk 0:20:33]} 6. Nf3 {[%clk 0:20:34]} Nf6 {[%clk 0:20:39]} 7. O-O
{[%clk 0:20:39]} Be7 {[%clk 0:20:48]} 8. b3 {[%clk 0:20:22]} O-O {[%clk 0:20:53]}
9. Bb2 {[%clk 0:20:31]} c5 {[%clk 0:20:53]} 10. c4 {[%clk 0:20:39]} dxc4
{[%clk 0:20:48]} 11. bxc4 {[%clk 0:20:09]} cxd4 {[%clk 0:20:51]} 12. Qxd4
{[%clk 0:20:03]} Nc6 {[%clk 0:20:38]} 13. Qc3 {[%clk 0:18:28]} Qc7
{[%clk 0:20:20]} 14. Ba3 {[%clk 0:18:24]} Bxa3 {[%clk 0:19:51]} 15. Nxa3
{[%clk 0:18:32]} Na5 {[%clk 0:19:07]} 16. Rac1 {[%clk 0:17:41]} a6
{[%clk 0:18:24]} 17. Qe5 {[%clk 0:16:04]} Rac8 {[%clk 0:16:08]} 18. Rc2
{[%clk 0:14:57]} Rfe8 {[%clk 0:15:38]} 19. Qxc7 {[%clk 0:15:02]} Rxc7
{[%clk 0:15:47]} 20. Rfc1 {[%clk 0:15:09]} Rec8 {[%clk 0:14:33]} 21. Ne5
{[%clk 0:15:17]} Bxg2 {[%clk 0:14:17]} 22. Kxg2 {[%clk 0:15:25]} Rc5
{[%clk 0:13:22]} 23. f4 {[%clk 0:14:32]} h6 {[%clk 0:12:28]} 24. Kf3
{[%clk 0:13:38]} Nc6 {[%clk 0:12:28]} 25. Nxc6 {[%clk 0:13:17]} R8xc6
{[%clk 0:12:29]} 26. h3 {[%clk 0:12:54]} Ne8 {[%clk 0:12:27]} 27. g4
{[%clk 0:11:18]} Nd6 {[%clk 0:12:34]} 28. Ke3 {[%clk 0:11:13]} Kf8
{[%clk 0:11:52]} 29. Kd3 {[%clk 0:10:38]} Ne8 {[%clk 0:11:14]} 30. Nb1
{[%clk 0:09:55]} Rd6+ {[%clk 0:10:45]} 31. Ke3 {[%clk 0:10:02]} Rdc6
{[%clk 0:09:38]} 32. Kd3 {[%clk 0:08:59]} Rc8 {[%clk 0:09:17]} 33. Nd2
{[%clk 0:08:53]} R5c7 {[%clk 0:08:50]} 34. Ne4 {[%clk 0:07:08]} Rd7+
{[%clk 0:08:14]} 35. Ke3 {[%clk 0:07:14]} Re7 {[%clk 0:08:20]} 36. Kf3
{[%clk 0:07:14]} Rd7 {[%clk 0:07:31]} 37. Rc3 {[%clk 0:07:08]} Nf6
{[%clk 0:05:48]} 38. c5 {[%clk 0:05:07]} Nxe4 {[%clk 0:05:02]} 39. Kxe4
{[%clk 0:05:15]} Re8+ {[%clk 0:04:22]} 40. Kf3 {[%clk 0:05:16]} bxc5
{[%clk 0:04:31]} 41. g5 {[%clk 0:02:51]} h5 {[%clk 0:04:01]} 42. Kg3
{[%clk 0:00:56]} g6 {[%clk 0:04:02]} 43. f5 {[%clk 0:00:45]} gxf5
{[%clk 0:01:31]} 44. Kf4 {[%clk 0:00:52]} Kg7 {[%clk 0:01:22]} 45. Kxf5
{[%clk 0:00:33]} Rd5+ {[%clk 0:01:08]} 46. Kf4 {[%clk 0:00:41]} Ree5
{[%clk 0:01:09]} 47. h4 {[%clk 0:00:43]} Kg6 {[%clk 0:01:08]} 48. Rb1
{[%clk 0:00:22]} Re6 {[%clk 0:01:08]} 49. Rbc1 {[%clk 0:00:27]} Rd4+
{[%clk 0:00:56]} 50. Kg3 {[%clk 0:00:36]} Rg4+ {[%clk 0:00:50]} 51. Kh3
{[%clk 0:00:27]} Re2 {[%clk 0:00:29]} 52. a3 {[%clk 0:00:12]} Reg2
{[%clk 0:00:29]} 53. Rxc5 {[%clk 0:00:19]} R4g3# {[%clk 0:00:36]} 0-1

[Event "euyr2018"]
[Site "?"]
[Date "2018.05.27"]
[Round "8.8"]
[White "Kardis, Benjamin"]
[Black "Antal, Jakub"]
[Result "1-0"]
[BlackElo "1568"]
[WhiteElo "1688"]
[LiveChessVersion "1.4.8"]

1. e4 {[%clk 0:20:19]} c5 {[%clk 0:20:06]} 2. d4 {[%clk 0:20:28]} cxd4
{[%clk 0:20:04]} 3. c3 {[%clk 0:20:36]} Nf6 4. e5 Nd5 {[%clk 0:20:15]} 5. Qxd4
{[%clk 0:20:54]} e6 {[%clk 0:19:51]} 6. Nf3 {[%clk 0:20:59]} Nc6 {[%clk 0:19:54]}
7. Qg4 {[%clk 0:21:05]} f5 {[%clk 0:18:33]} 8. Qg3 {[%clk 0:20:40]} d6
{[%clk 0:16:06]} 9. Bb5 {[%clk 0:20:33]} Qb6 {[%clk 0:13:03]} 10. Bxc6+
{[%clk 0:20:00]} Qxc6 {[%clk 0:13:07]} 11. O-O {[%clk 0:19:27]} Bd7
{[%clk 0:10:24]} 12. Re1 {[%clk 0:17:43]} O-O-O {[%clk 0:07:45]} 13. Ng5
{[%clk 0:17:04]} dxe5 {[%clk 0:05:05]} 14. Nf7 {[%clk 0:17:02]} Bc5
{[%clk 0:03:50]} 15. Nxd8 Rxd8 {[%clk 0:03:54]} 16. b4 {[%clk 0:15:30]} Bb6
{[%clk 0:03:43]} 17. Bg5 {[%clk 0:15:25]} Rg8 {[%clk 0:03:32]} 18. b5
{[%clk 0:13:44]} Qxb5 {[%clk 0:02:10]} 19. c4 {[%clk 0:13:47]} Qb2
{[%clk 0:02:19]} 20. Nd2 {[%clk 0:12:54]} Nc7 {[%clk 0:00:38]} 21. Qxe5
{[%clk 0:12:41]} Qxe5 {[%clk 0:00:41]} 22. Rxe5 {[%clk 0:12:50]} Bd4
{[%clk 0:00:51]} 23. Ree1 {[%clk 0:12:58]} Bxa1 {[%clk 0:00:55]} 24. Rxa1
{[%clk 0:13:07]} e5 {[%clk 0:00:35]} 25. f3 {[%clk 0:12:46]} h6 {[%clk 0:00:29]}
26. Be3 {[%clk 0:12:53]} b6 {[%clk 0:00:33]} 27. a4 {[%clk 0:12:58]} Na6
{[%clk 0:00:23]} 28. a5 {[%clk 0:12:59]} Nb4 {[%clk 0:00:13]} 29. axb6
{[%clk 0:12:44]} Nc2 {[%clk 0:00:21]} 30. Rxa7 {[%clk 0:11:50]} Bc6
{[%clk 0:00:12]} 31. Bf2 {[%clk 0:11:45]} Rd8 {[%clk 0:00:16]} 32. Rc7+
{[%clk 0:11:35]} Kb8 {[%clk 0:00:25]} 33. Rxc6 {[%clk 0:11:37]} Rxd2
{[%clk 0:00:33]} 34. h3 {[%clk 0:11:29]} e4 {[%clk 0:00:15]} 35. fxe4
{[%clk 0:11:07]} fxe4 {[%clk 0:00:24]} 36. Re6 {[%clk 0:11:10]} Re2
{[%clk 0:00:15]} 37. Kf1 {[%clk 0:11:04]} Rd2 {[%clk 0:00:12]} 38. Rxe4
{[%clk 0:11:07]} Rd1+ {[%clk 0:00:15]} 39. Ke2 {[%clk 0:11:03]} Rb1
{[%clk 0:00:17]} 40. Re8+ {[%clk 0:11:07]} Kb7 {[%clk 0:00:26]} 41. Re7+
{[%clk 0:11:14]} Kb8 {[%clk 0:00:33]} 42. Rxg7 {[%clk 0:11:14]} Rb2 43. Kf3
{[%clk 0:11:11]} Rb3+ {[%clk 0:00:43]} 44. Ke4 {[%clk 0:11:02]} h5
{[%clk 0:00:29]} 45. c5 Nb4 {[%clk 0:00:32]} 46. Bg3+ {[%clk 0:10:34]} 1-0

[Event "euyr2018"]
[Site "?"]
[Date "2018.05.27"]
[Round "8.9"]
[White "Zahorcek, Jakub"]
[Black "Slaba, Andrea"]
[Result "0-1"]
[BlackElo "1677"]
[WhiteElo "1548"]
[LiveChessVersion "1.4.8"]

1. e4 {[%clk 0:20:10]} g6 {[%clk 0:20:18]} 2. d4 {[%clk 0:20:25]} Bg7
{[%clk 0:20:27]} 3. Be3 {[%clk 0:20:26]} d6 {[%clk 0:20:36]} 4. Nf3
{[%clk 0:20:32]} c6 {[%clk 0:20:46]} 5. c4 {[%clk 0:20:09]} Nf6 {[%clk 0:20:40]}
6. Nc3 {[%clk 0:20:06]} O-O {[%clk 0:20:48]} 7. Be2 {[%clk 0:20:13]} Nbd7
{[%clk 0:20:56]} 8. O-O {[%clk 0:20:21]} e5 {[%clk 0:20:40]} 9. d5
{[%clk 0:20:07]} c5 {[%clk 0:20:35]} 10. Qd2 {[%clk 0:20:10]} Ng4
{[%clk 0:20:20]} 11. a3 {[%clk 0:19:49]} Nxe3 {[%clk 0:20:28]} 12. Qxe3
{[%clk 0:19:58]} f5 {[%clk 0:20:11]} 13. b4 {[%clk 0:19:55]} f4 {[%clk 0:20:17]}
14. Qd2 {[%clk 0:19:41]} g5 {[%clk 0:20:17]} 15. Nb5 {[%clk 0:19:35]} Qe7
{[%clk 0:19:29]} 16. Nc7 {[%clk 0:19:37]} Rb8 {[%clk 0:19:36]} 17. Ne6
{[%clk 0:19:42]} Rf6 {[%clk 0:18:58]} 18. Nfxg5 {[%clk 0:19:29]} h6
{[%clk 0:18:53]} 19. Nxg7 {[%clk 0:19:16]} Qxg7 {[%clk 0:18:50]} 20. Ne6
{[%clk 0:18:57]} Qg6 {[%clk 0:18:59]} 21. h3 {[%clk 0:18:47]} f3 0-1

[Event "euyr2018"]
[Site "?"]
[Date "2018.05.27"]
[Round "8.10"]
[White "Martyniuk, Vladislav"]
[Black "Nehyba, Martin"]
[Result "0-1"]
[BlackElo "1966"]
[WhiteElo "1470"]
[LiveChessVersion "1.4.8"]

1. e4 {[%clk 0:20:19]} c5 {[%clk 0:20:18]} 2. c3 {[%clk 0:20:28]} d5
{[%clk 0:20:26]} 3. exd5 {[%clk 0:20:36]} Qxd5 {[%clk 0:20:34]} 4. d4
{[%clk 0:20:46]} e5 {[%clk 0:20:43]} 5. Be3 {[%clk 0:20:52]} cxd4
{[%clk 0:20:49]} 6. cxd4 {[%clk 0:20:58]} Nc6 {[%clk 0:20:57]} 7. Nc3
{[%clk 0:20:58]} Bb4 {[%clk 0:21:06]} 8. dxe5 {[%clk 0:20:28]} Qxe5
{[%clk 0:20:59]} 9. Qd2 {[%clk 0:20:04]} Nf6 {[%clk 0:20:54]} 10. Nf3
{[%clk 0:20:12]} Qe7 {[%clk 0:20:40]} 11. Be2 {[%clk 0:19:48]} Bg4
{[%clk 0:20:20]} 12. O-O {[%clk 0:19:52]} Ne4 {[%clk 0:19:24]} 13. Qc2
{[%clk 0:19:59]} Nxc3 {[%clk 0:19:27]} 14. bxc3 {[%clk 0:20:07]} Bd6
{[%clk 0:19:33]} 15. Bg5 {[%clk 0:19:27]} Qc7 {[%clk 0:19:23]} 16. h3
{[%clk 0:19:21]} Bh5 {[%clk 0:19:28]} 17. Qe4+ {[%clk 0:19:00]} Be7
{[%clk 0:18:38]} 18. Bxe7 {[%clk 0:18:52]} Qxe7 {[%clk 0:17:40]} 19. Qxe7+
{[%clk 0:18:45]} Kxe7 {[%clk 0:17:21]} 20. Rfe1 {[%clk 0:18:31]} Rhe8
{[%clk 0:15:26]} 21. Ba6+ {[%clk 0:18:25]} Kd6 {[%clk 0:15:15]} 22. Rxe8
{[%clk 0:18:32]} Rxe8 {[%clk 0:15:11]} 23. Bxb7 {[%clk 0:18:41]} Bxf3
{[%clk 0:13:40]} 24. gxf3 {[%clk 0:18:49]} Re2 {[%clk 0:13:49]} 25. c4
{[%clk 0:18:24]} Rc2 {[%clk 0:13:21]} 26. Ba6 {[%clk 0:16:54]} Ne5
{[%clk 0:13:18]} 27. Rd1+ {[%clk 0:16:39]} Kc7 {[%clk 0:13:15]} 28. Rd5
{[%clk 0:16:17]} Nxf3+ {[%clk 0:12:11]} 29. Kg2 {[%clk 0:16:07]} Nh4+
{[%clk 0:10:25]} 30. Kg3 {[%clk 0:16:09]} Ng6 {[%clk 0:10:33]} 31. a4
{[%clk 0:16:07]} f6 {[%clk 0:10:23]} 32. Bb5 {[%clk 0:15:46]} Rc3+
{[%clk 0:10:32]} 33. Kh2 {[%clk 0:15:18]} Nf8 {[%clk 0:07:02]} 34. Rc5+
{[%clk 0:15:11]} Kb7 {[%clk 0:05:09]} 35. Rc6 {[%clk 0:14:55]} Rc2
{[%clk 0:04:05]} 36. Kg2 {[%clk 0:15:00]} Re2 {[%clk 0:04:07]} 37. Rd6
{[%clk 0:15:02]} Re7 {[%clk 0:04:15]} 38. Kf3 {[%clk 0:14:00]} Ng6
{[%clk 0:02:59]} 39. Kg3 {[%clk 0:13:40]} Ne5 {[%clk 0:01:53]} 40. a5
{[%clk 0:12:47]} Kc7 {[%clk 0:01:32]} 41. Ra6 {[%clk 0:12:23]} Kb8
{[%clk 0:01:27]} 42. Rd6 {[%clk 0:12:31]} Rc7 {[%clk 0:01:04]} 43. Rd4
{[%clk 0:11:37]} Kb7 {[%clk 0:00:41]} 44. Rd6 {[%clk 0:10:54]} Nc6
{[%clk 0:00:29]} 45. Kf4 {[%clk 0:10:00]} a6 {[%clk 0:00:37]} 46. Bxc6+
{[%clk 0:10:04]} Rxc6 {[%clk 0:00:46]} 47. Rd7+ {[%clk 0:10:13]} Rc7
{[%clk 0:00:56]} 48. Rxc7+ {[%clk 0:09:59]} Kxc7 {[%clk 0:01:04]} 49. Kf5
{[%clk 0:09:58]} Kd6 {[%clk 0:01:13]} 50. f4 {[%clk 0:10:00]} Kc5
{[%clk 0:00:38]} 51. Ke6 {[%clk 0:10:03]} Kxc4 {[%clk 0:00:43]} 52. Kf7
{[%clk 0:10:12]} g5 {[%clk 0:00:53]} 53. f5 {[%clk 0:10:05]} h5 {[%clk 0:00:59]}
54. Kxf6 {[%clk 0:10:14]} g4 {[%clk 0:01:08]} 55. Ke7 gxh3 {[%clk 0:01:07]} 56.
f6 {[%clk 0:10:27]} h2 {[%clk 0:01:16]} 57. f7 {[%clk 0:10:36]} h1=Q
{[%clk 0:01:24]} 58. f8=Q {[%clk 0:10:43]} Qb7+ {[%clk 0:01:28]} 59. Ke6
{[%clk 0:10:41]} Qd5+ {[%clk 0:01:36]} 0-1

[Event "euyr2018"]
[Site "?"]
[Date "2018.05.27"]
[Round "8.11"]
[White "Lukac, Jakub"]
[Black "Taragelova, Martina"]
[Result "1/2-1/2"]
[WhiteElo "1309"]
[BlackElo "1615"]
[PlyCount "72"]
[EventDate "2018.??.??"]
[WhiteClock "0:02:39"]
[BlackClock "0:00:18"]

1. e4 e5 2. Nf3 Nc6 3. Bc4 Bc5 4. Nc3 Nf6 5. O-O d6 6. h3 a6 7. a3 O-O 8. d3
Be6 9. Ba2 h6 10. Be3 Ba7 11. Qd2 Ne7 12. Ne2 Nh5 13. Bxh6 Ng6 14. Bg5 Qc8 15.
Kh2 Kh8 16. Nh4 Nxh4 17. Bxh4 Bxa2 18. Rxa2 Qe6 19. Raa1 Qg6 20. Qg5 Qxg5 21.
Bxg5 f6 22. Be3 g5 23. Bxa7 Rxa7 24. Ng3 Ng7 25. Rad1 Raa8 26. Rde1 Kg8 27. Nf5
Nxf5 28. exf5 Kf7 29. g4 Rh8 30. Kg3 Rad8 31. f3 Rh7 32. Rh1 Rh4 33. Re4 d5 34.
Re2 c6 35. Rf2 (35. d4 Re8 36. c3 b6) 35... Rdh8 36. Re2 Rc8 1/2-1/2

[Event "euyr2018"]
[Site "?"]
[Date "2018.05.27"]
[Round "8.12"]
[White "Turanec, Daniel"]
[Black "Kralova, Gabriela"]
[Result "0-1"]
[BlackElo "1311"]
[WhiteElo "1476"]
[LiveChessVersion "1.4.8"]

1. e4 {[%clk 0:20:17]} e5 {[%clk 0:20:17]} 2. Nf3 {[%clk 0:20:25]} Nc6
{[%clk 0:20:25]} 3. Bc4 {[%clk 0:20:33]} Nf6 {[%clk 0:20:23]} 4. Ng5
{[%clk 0:20:40]} d5 {[%clk 0:20:02]} 5. exd5 {[%clk 0:20:48]} Na5
{[%clk 0:20:09]} 6. Bb5+ {[%clk 0:20:44]} c6 {[%clk 0:19:36]} 7. dxc6
{[%clk 0:20:52]} bxc6 {[%clk 0:18:56]} 8. Ba4 {[%clk 0:20:55]} Bd7
{[%clk 0:16:46]} 9. d3 {[%clk 0:21:00]} Bd6 {[%clk 0:15:11]} 10. a3
{[%clk 0:21:00]} O-O {[%clk 0:14:52]} 11. O-O {[%clk 0:21:04]} Qc7
{[%clk 0:14:28]} 12. h3 {[%clk 0:21:10]} h6 {[%clk 0:14:25]} 13. Nf3
{[%clk 0:21:01]} e4 {[%clk 0:13:52]} 14. dxe4 {[%clk 0:21:00]} Nxe4
{[%clk 0:13:32]} 15. b4 {[%clk 0:21:08]} Nb7 {[%clk 0:13:21]} 16. Bb2
{[%clk 0:21:17]} Rae8 {[%clk 0:09:22]} 17. Qd4 {[%clk 0:21:16]} f6
{[%clk 0:09:18]} 18. c4 {[%clk 0:21:03]} c5 {[%clk 0:08:39]} 19. Qd5+
{[%clk 0:21:12]} Kh8 {[%clk 0:08:39]} 20. Bxd7 {[%clk 0:21:18]} Qxd7
{[%clk 0:08:42]} 21. b5 {[%clk 0:21:22]} Ng5 {[%clk 0:06:32]} 22. Nxg5
{[%clk 0:21:22]} hxg5 {[%clk 0:06:30]} 23. Nd2 {[%clk 0:21:14]} Re2
{[%clk 0:05:51]} 24. Rfe1 {[%clk 0:21:12]} Rxd2 {[%clk 0:05:52]} 25. Qf3
{[%clk 0:20:20]} Rxb2 {[%clk 0:05:45]} 26. Qh5+ {[%clk 0:20:28]} Kg8
{[%clk 0:05:51]} 27. Re4 {[%clk 0:20:27]} Qf5 {[%clk 0:04:14]} 28. Rae1
{[%clk 0:20:33]} Qxf2+ {[%clk 0:04:18]} 0-1